My first look at noises

Bibliographic Details
Format: Book
Published: London : Dorling Kindersley , 1991
Series:My first look at
Subjects:

MARC

LEADER 00000cam a2200000 7i4500
001 0000005818
002 000006290
005 20000330.0
020 |a 0863185304 
090 0 0 |a J 001   |b FIR 
245 0 0 |a My first look at noises 
260 |a London :   |b Dorling Kindersley ,   |c 1991 
300 |a 17p. ;   |c 20cm. 
490 0 |a My first look at 
650 0 0 |a Noises   |x Juvenile literature 
999 |a 031090   |b BUKU   |c JUNIOR REFERENCE   |e PERPUSTAKAAN KOMUNITI PETALING JAYA